Modernismo frente a noventa y ocho: una introducción a la literatura española del siglo XX

Uloženo v:
Podrobná bibliografie
Hlavní autor: Díaz-Plaja, Guillermo (Autor)
Médium: Kniha
Jazyk:španělština
Vydáno: Madrid Espasa-Calpe 1951
Témata:
Tagy: Přidat tag
Žádné tagy, Buďte první, kdo vytvoří štítek k tomuto záznamu!

MARC

LEADER 00000nam a2200000 a 4500
001 UCX4921
003 CL-VaPUC
008 920813e19510000SP |||||||||||||||||spa|d
082 0 4 |a 860.9  |b DIA  |2 21 
100 0 |a Díaz-Plaja, Guillermo  |e author  |9 321209 
245 1 0 |a Modernismo frente a noventa y ocho: una introducción a la literatura española del siglo XX 
300 |a 366 p 
942 |c BK 
945 |d 19920813 00:00:00 
260 |a Madrid  |b Espasa-Calpe  |c 1951 
650 7 |a LITERATURA ESPAÑOLA HISTORIA Y CRITICA  |2 CL-VaPUC  |9 319275 
583 |a last modification  |c 20120620 11:08:35  |k Rodrigo Vera 
999 |c 225289  |d 225287 
952 |0 0  |1 0  |4 0  |6 860_900000000000000_DIA_1951  |7 0  |8 A  |9 222682  |a BIBEDU  |b BIBEDU  |d 2019-11-15  |i 291476K  |o 860.9 DIA 1951  |p 291476K  |r 2019-11-15  |w 2019-11-15  |y BK  |k LIT